| 000 | 00380nam a22001577a 4500 | ||
|---|---|---|---|
| 003 | SGT | ||
| 020 | _a9780000988331 | ||
| 082 |
_a615.704 _bC20C |
||
| 100 | _aCOBERT, BARTON | ||
| 245 | _aCOBERT'S MANUAL OF DRUG SAFETY AND PHARMACOVIGILANCE | ||
| 250 | _a3RD | ||
| 260 |
_aNEW GERSY _bWORLD SCIENTIFIC _c2020 |
||
| 300 | _a494 | ||
| 650 | _apHARMACOVIGILANCE | ||
| 942 |
_2ddc _cBK |
||
| 999 |
_c23498 _d23498 |
||